Southville International School and Colleges
Your cart is empty.
  • Cart
  • Lists
    Public lists Eva Luna New books Lux_list list_1
    Your lists Log in to create your own lists
  • Log in to your account
  • Your cookies
  • Search history
Southville International School and Colleges
  • Advanced search
  • Recent comments
  • Most popular
  • Libraries

Log in to your account

Log in with GOOGLE


If you do not have an external account, but do have a local account, you can still log in:

  1. Home
  2. MARC view: Splashes of joy in the cesspools of life /
Normal view MARC view ISBD view

Splashes of joy in the cesspools of life / (Record no. 8913)

[ view plain ]
MARC details
000 -LEADER
fixed length control field 01009pam a2200289 a 4500
001 - CONTROL NUMBER
control field 3907542
003 - CONTROL NUMBER IDENTIFIER
control field OSt
005 - DATE AND TIME OF LATEST TRANSACTION
control field 20140310182048.0
008 - FIXED-LENGTH DATA ELEMENTS--GENERAL INFORMATION
fixed length control field 911022s1992 txua b 000 0 eng
010 ## - LIBRARY OF CONGRESS CONTROL NUMBER
LC control number 91041830
020 ## - INTERNATIONAL STANDARD BOOK NUMBER
International Standard Book Number 0849933137
040 ## - CATALOGING SOURCE
Original cataloging agency DLC
Transcribing agency DLC
Modifying agency DLC
050 00 - LIBRARY OF CONGRESS CALL NUMBER
Classification number BV 4527
Item number .J66 1992
082 00 - DEWEY DECIMAL CLASSIFICATION NUMBER
Classification number HS 248.4
Item number J63 1992
100 1# - MAIN ENTRY--PERSONAL NAME
Personal name Johnson, Barbara
Fuller form of name (Barbara E.)
9 (RLIN) 11793
245 10 - TITLE STATEMENT
Title Splashes of joy in the cesspools of life /
Statement of responsibility, etc Barbara Johnson.
260 ## - PUBLICATION, DISTRIBUTION, ETC. (IMPRINT)
Place of publication, distribution, etc Dallas :
Name of publisher, distributor, etc Word Pub.,
Date of publication, distribution, etc c1992.
300 ## - PHYSICAL DESCRIPTION
Extent 228 p. :
Other physical details ill. ;
Dimensions 18 cm.
600 10 - SUBJECT ADDED ENTRY--PERSONAL NAME
Personal name Johnson, Barbara
Fuller form of name (Barbara E.)
9 (RLIN) 11794
650 #0 - SUBJECT ADDED ENTRY--TOPICAL TERM
Topical term or geographic name as entry element Women
General subdivision Religious life.
9 (RLIN) 11795
650 #0 - SUBJECT ADDED ENTRY--TOPICAL TERM
Topical term or geographic name as entry element Women
General subdivision Conduct of life.
9 (RLIN) 11796
856 42 - ELECTRONIC LOCATION AND ACCESS
Materials specified Publisher description
Uniform Resource Identifier <a href="http://www.loc.gov/catdir/enhancements/fy0609/91041830-d.html">http://www.loc.gov/catdir/enhancements/fy0609/91041830-d.html</a>
906 ## - LOCAL DATA ELEMENT F, LDF (RLIN)
a 7
b cbc
c orignew
d 1
e ocip
f 19
g y-gencatlg
942 ## - ADDED ENTRY ELEMENTS (KOHA)
Source of classification or shelving scheme Library of Congress Classification
Koha item type
Holdings
Withdrawn status Lost status Source of classification or shelving scheme Damaged status Home library Current library Shelving location Date acquired Total Checkouts Full call number Barcode Date last seen Copy number Price effective from Koha item type
    Library of Congress Classification   Luxembourg Library Luxembourg Library High School Section 08/17/2013   BV 4527 .J66 1992 4728 08/17/2013 1 08/17/2013 Books

Splashes of joy in the cesspools of life /

APA

Johnson B., . (1992). Splashes of joy in the cesspools of life. Dallas: Word Pub.

Chicago

Johnson Barbara, . 1992. Splashes of joy in the cesspools of life. Dallas: Word Pub.

Harvard

Johnson B., . (1992). Splashes of joy in the cesspools of life. Dallas: Word Pub.

MLA

Johnson Barbara, . Splashes of joy in the cesspools of life. Dallas: Word Pub. 1992.

  • Place hold
  • Print
  • Cite
  • Add to your cart (remove)
  • Save record
    BIBTEX Dublin Core MARCXML MARC (non-Unicode/MARC-8) MARC (Unicode/UTF-8) MARC (Unicode/UTF-8, Standard) MODS (XML) RIS
  • More searches
    Search for this title in:
    Other Libraries (WorldCat) Other Databases (Google Scholar) Online Stores (Bookfinder.com) Open Library (openlibrary.org)

Exporting to Dublin Core...

SOUTHVILLE LIBRARY

Southville International School and Colleges Library

1281 Tropical Ave. Cor. Luxembourg St., BF Homes International, Las Pinas City

Tel. No. 8256374 / 252358 Loc. 117/146

Powered by Koha